| 000 | 01931cam a2200313 i 4500 | ||
|---|---|---|---|
| 999 |
_c10507 _d10507 |
||
| 001 | 18570604 | ||
| 003 | GBCCL | ||
| 005 | 20241128103500.0 | ||
| 008 | 150409s2015 miu b 001 0 eng | ||
| 010 | _a 2015014074 | ||
| 020 | _a9780801039775 (cloth) | ||
| 040 |
_aDLC _beng _cDLC _erda _dDLC |
||
| 042 | _apcc | ||
| 050 | 0 | 0 |
_aBS476 _b.B37 2015 |
| 082 | 0 | 0 |
_a220.601 _223 _bBAR |
| 100 | 1 |
_aBartholomew, Craig G., _d1961- _eauthor. _91261 |
|
| 245 | 1 | 0 |
_aIntroducing biblical hermeneutics : _ba comprehensive framework for hearing God in Scripture / _cCraig G. Bartholomew. |
| 264 | 1 |
_aGrand Rapids, Michigan : _bBaker Academic, _c[2015] |
|
| 300 |
_axiv, 623 pages ; _c24 cm |
||
| 336 |
_atext _2rdacontent |
||
| 337 |
_aunmediated _2rdamedia |
||
| 338 |
_avolume _2rdacarrier |
||
| 504 | _aIncludes bibliographical references (page 547-591) and index. | ||
| 505 | 0 | _aApproaching biblical interpretation -- Biblical interpretation Coram Deo -- Listening and biblical interpretation -- Biblical interpretation and biblical theology -- The story of our world -- The development of biblical theology -- The story of biblical interpretation -- The traditions within which we read -- Early and medieval Jewish biblical interpretation -- Renaissance, reformation, and modernity -- Canon -- Biblical interpretation and the academic disciplines -- Philosophy, hermeneutics, and biblical interpretation -- History -- Literature -- Theology -- Scripture and the university : the ecology of christian scholarship -- The goal of biblical interpretation -- The "Epistle" to the Hebrews : but we do see Jesus -- Preaching the Bible for all it's worth : the resurrection of the Sermon and the Incarnation of the Christ. | |
| 630 | 0 | 0 |
_aBible _xHermeneutics. _91790 |
| 906 |
_a7 _bcbc _corignew _d1 _eecip _f20 _gy-gencatlg |
||
| 942 |
_2ddc _cBK |
||